| 000 | 01157cam a2200301 a 4500 | ||
|---|---|---|---|
| 001 | 13021323 | ||
| 003 | NUST-PNEC | ||
| 005 | 20170116180702.0 | ||
| 008 | 021205s2003 maub b 001 0 eng | ||
| 010 | _a 2002043667 | ||
| 020 | _a158053368X | ||
| 040 |
_aDLC _cPNEC _dDLC |
||
| 042 | _apcc | ||
| 050 | 0 | 0 |
_aTK7876 _b.E85 2003 |
| 082 | 0 | 0 | _a621.38133 ESK |
| 100 | 1 | _aEskelinen, Harri. | |
| 245 | 1 | 0 |
_aMicrowave component mechanics / _cHarri Eskelinen, Pekka Eskelinen. |
| 260 |
_aBoston, MA : _bArtech House, _cc2003. |
||
| 300 |
_axix, 368 p. : _bill. ; _c24 cm. |
||
| 440 | 0 | _aArtech House microwave library | |
| 500 | _ahttp://www.amazon.com/Microwave-Component-Mechanics-Artech-Library/dp/158053368X/ref=sr_1_1?s=books&ie=UTF8&qid=1410432864&sr=1-1&keywords=158053368X | ||
| 504 | _aIncludes bibliographical references and index. | ||
| 650 | 0 |
_aMicrowave devices _xDesign and construction. - ME |
|
| 700 | 1 | _aEskelinen, Pekka. | |
| 906 |
_a7 _bcbc _corignew _d1 _eocip _f20 _gy-gencatlg |
||
| 942 |
_2ddc _cBK |
||
| 999 |
_c60589 _d60589 |
||